• 首页
  • 本馆介绍
  • 公告通知
  • 最新文献
  • 馆藏检索
  • 电子资源
  • 读者导购
  • 参考咨询
  • 我的图书馆
  • 登录
  • 详细信息显示
  • 放入我的书架
  • 预约/预借图书
  • 作者相关作品
  • 分类相关作品
  • 丛书相关作品
  • 出版社相关作品

书目信息

  • 表格格式
  • 工作单格式
  • 卡片格式
题名:
悟红论稿
    
 
作者: 吴文慧 著
分册:  
出版信息: 北京   文化艺术出版社  2005
页数: 380页
开本: 21cm
丛书名: 名家解读红楼梦
单 册:
中图分类: I207.411-53
科图分类:
主题词: 《红楼梦》研究--文集
电子资源:
ISBN: 7-5039-2671-6
000 01185nam0 2200337 450
000 01148nam0 2200325 450
000 01146nam0 2200337 450
000 01092nam0 2200313 450
000 01121nam0 2200301 450
000 01084nam0 2200289 45
001 TS2006044401
005 20061216144632.90
010    @a7-5039-2671-6@dCNY24.00
100    @a20060829d2005 em y0chiy0110 ea
101 0  @achi
102    @aCN@b110000
105    @ay z 000yy
200 1  @a悟红论稿@AWu Hong Lun Gao@e白盾论红楼梦@EBai Dun Lun Hong Lou Meng@f白盾著@FBai Dun Zhu
210    @a北京@c文化艺术出版社@d2005
215    @a380页@d21cm
225 2  @a名家解读红楼梦
330    @a本书收录白盾研究《红楼梦》的文章:包括《嗜红·怡红·悼红》、《红楼交响多重奏》、《论“红迷”》、《红楼梦怎样成为“魇”的?》等。
410  0 @12001 @a名家解读红楼梦
517 1  @a白盾论红楼梦@ABai Dun Lun Hong Lou Meng
606    @a《红楼梦》研究@x文集
690    @aI207.411-53@v4
701  0 @a吴文慧@AWu Wen Hui@4著
801  0 @aCN@b中图数据@c20061216
905    @a10447@dI207.411-53@e530
    
    悟红论稿:白盾论红楼梦/白盾著.-北京:文化艺术出版社,2005
    380页;21cm.-(名家解读红楼梦)
    
    
    ISBN 7-5039-2671-6:CNY24.00
    本书收录白盾研究《红楼梦》的文章:包括《嗜红·怡红·悼红》、《红楼交响多重奏》、《论“红迷”》、《红楼梦怎样成为“魇”的?》等。
●
相关链接 在E读中查询图书 在五车中查询图书 在当当中查询图书 在豆瓣中查询图书


正题名:悟红论稿     索取号:I207.411-53/530         预约/预借

序号 登录号 条形码 馆藏地/架位号 状态 备注
1 0604502   206045028   第一样本阅览室/ [索取号:I207.411-53/530] 在馆    
2 0604503   206045037   第二借阅区/ [索取号:I207.411-53/530] 在馆    
3 0604504   206045046   第二借阅区/ [索取号:I207.411-53/530] 在馆    
4 0604505   206045055   第二借阅区/ [索取号:I207.411-53/530] 在馆    
5 0604506   206045064   第二借阅区/ [索取号:I207.411-53/530] 在馆    
6 0604507   206045073   第二借阅区/ [索取号:I207.411-53/530] 在馆    
唐山师范学院图书馆 欢迎您!
大连网信软件有限公司© 版权所有